Central Library OPAC University of Rajshahi

Personnel management and industrial relations / (Record no. 16021)

MARC details
000 -LEADER
fixed length control field 00923nam a2200301 a 4500
001 - CONTROL NUMBER
control field 16021
003 - CONTROL NUMBER IDENTIFIER
rucl marc code BD-RjUL
005 - DATE AND TIME OF LATEST TRANSACTION
control field 20211208235932.0
008 - FIXED-LENGTH DATA ELEMENTS--GENERAL INFORMATION
fixed length control field 140211r19841982njua b 001 0 eng
020 ## - INTERNATIONAL STANDARD BOOK NUMBER
International Standard Book Number 0136591930
International Standard Book Number 0876923392
035 ## - SYSTEM CONTROL NUMBER
System control number (BD-RjUL)16076
040 ## - CATALOGING SOURCE
Original cataloging agency DLC
Transcribing agency DLC
Modifying agency EQO
-- BD-RjUL
Language of cataloging eng
041 ## - LANGUAGE CODE
Language code of text/sound track or separate title eng
082 0# - DEWEY DECIMAL CLASSIFICATION NUMBER
Classification number 658.3
Edition number 19
Author mark and year YOP 1984
100 1# - MAIN ENTRY--PERSONAL NAME
Personal name Yoder, Dale,
Dates associated with a name 1901-
9 (RLIN) 8836
245 10 - TITLE STATEMENT
Title Personnel management and industrial relations /
Statement of responsibility, etc. Dale Yoder, Paul D. Staudohar.
250 ## - EDITION STATEMENT
Edition statement 7th ed.
260 ## - PUBLICATION, DISTRIBUTION, ETC. (IMPRINT)
Place of publication, distribution, etc. Englewood Cliffs, N.J. :
Name of publisher, distributor, etc. Prentice-Hall,
Date of publication, distribution, etc. c1982, 1984
300 ## - PHYSICAL DESCRIPTION
Pagination vii, 552 p. :
Illustrations ill. ;
Size 25 cm.
504 ## - BIBLIOGRAPHY, ETC. NOTE
Bibliography, etc Includes bibliographical references and indexes.
650 #0 - SUBJECT ADDED ENTRY--TOPICAL TERM
Topical term or geographic name as entry element Personnel management.
9 (RLIN) 49615
Topical term or geographic name as entry element Industrial relations.
9 (RLIN) 49616
700 1# - ADDED ENTRY--PERSONAL NAME
Personal name Staudohar, Paul D.
942 ## - ADDED ENTRY ELEMENTS (KOHA)
Source of classification or shelving scheme Dewey Decimal Classification
Koha item type Books
Holdings
Lost status Source of classification or shelving scheme Damaged status Not for loan Collection code Permanent Location Current Location Shelving location Date acquired Source of acquisition Cost, normal purchase price Total Checkouts Full call number Date last seen Copy number Koha item type Date checked out
  Dewey Decimal Classification     Non-fiction Central Library, University of Rajshahi Central Library, University of Rajshahi   05/01/1986 Tappan 5.50   658.3 YOP 1982 11/02/2014 C-4 Books  
  Dewey Decimal Classification   Not For Loan Non-fiction Central Library, University of Rajshahi Central Library, University of Rajshahi Reading Room 05/01/1986 Toppan Co. through tulip 5.50   658.3 YOP 1984 25/06/2019 C-1 Books  
  Dewey Decimal Classification     Non-fiction Central Library, University of Rajshahi Central Library, University of Rajshahi   05/01/1986 Toppan Co. through tulip 5.50   658.3 YOP 1984 14/07/2019 C-2 Books  
  Dewey Decimal Classification     Non-fiction Central Library, University of Rajshahi Central Library, University of Rajshahi   05/01/1986 Toppan Co. through tulip 5.50   658.3 YOP 1984 14/07/2019 C-3 Books  
  Dewey Decimal Classification     Non-fiction Central Library, University of Rajshahi Central Library, University of Rajshahi   05/01/1986 Toppan Co. through tulip 5.50   658.3 YOP 1984 14/07/2019 C-5 Books  
  Dewey Decimal Classification     Non-fiction Central Library, University of Rajshahi Central Library, University of Rajshahi   05/01/1986 Toppan Co. through tulip 5.50   658.3 YOP 1984 14/07/2019 C-6 Books  
  Dewey Decimal Classification     Non-fiction Central Library, University of Rajshahi Central Library, University of Rajshahi   05/01/1986 Toppan Co. through tulip 5.50   658.3 YOP 1984 14/07/2019 C-7 Books  
  Dewey Decimal Classification     Non-fiction Central Library, University of Rajshahi Central Library, University of Rajshahi   05/01/1986 Toppan Co. through tulip 5.50   658.3 YOP 1984 14/07/2019 C-8 Books  
  Dewey Decimal Classification     Non-fiction Central Library, University of Rajshahi Central Library, University of Rajshahi   05/01/1986 Toppan Co. through tulip 5.50   658.3 YOP 1984 14/07/2019 C-9 Books  
  Dewey Decimal Classification     Non-fiction Central Library, University of Rajshahi Central Library, University of Rajshahi   05/01/1986 Toppan Co. through tulip 5.50 1 658.3 YOP 1984 06/03/2022 C-10 Books 06/03/2022